| 000 | 00637nam a2200217 a 4500 | ||
|---|---|---|---|
| 001 | 65440 | ||
| 003 | BD-RjUL | ||
| 005 | 20211209081427.0 | ||
| 008 | 170306r19761947ii |||| |||| 000 0 eng d | ||
| 035 | _a(BD-RjUL)65570 | ||
| 040 |
_aBD-RjUL _beng _cBD-RjUL _dBD-RjUL |
||
| 041 | _aeng | ||
| 082 |
_223 _a813.5 _bELI 1976 |
||
| 100 |
_aEllison, Ralph _9193677 |
||
| 245 |
_aInvisible man / _cRalph Ellison |
||
| 260 |
_aNew Delhi : _bAllied publishers limited, _cc 1947[1976] |
||
| 300 |
_a435 p. ; _c21 cm. |
||
| 650 |
_aAmerican fiction in English _9189328 |
||
| 650 |
_aAfrican Americans _vIntellectual life _9193678 |
||
| 942 |
_2ddc _cBK |
||
| 999 |
_c65440 _d65440 |
||